000 00637nam a2200229 a 4500
001 4191262
005 20180131071136.0
008 830805s1981 ne b 001 0 eng
010 _a 80050453
020 _a9028606092
040 _aDLC
_cDLC
_dDLC
041 _aeng
043 _ae-ur---
080 _a341..026447 GEO
082 0 0 _a341..026447 GEO
_219
100 1 _a24
101 _aGJU
245 1 2 _aA calendar of Soviet treaties, 1958-1973 /
_cGeorge Ginsburgs, Robert M. Slusser.
504 _aIncludes bibliographical references and index.
906 _a7
_bcbc
_corignew
_d3
_eocip
_f19
_gy-gencatlg
942 _2ddc
_cBK
999 _c41376
_d41376